Hướng dẫn bảo quản giống cây trồng tại gia đình

Uloženo v:
Podrobná bibliografie
Hlavní autor: Rosemary Morrow
Médium: Kniha
Jazyk:Undetermined
Vydáno: HHà Nội Phụ nữ 2003
Témata:
Tagy: Přidat tag
Žádné tagy, Buďte první, kdo otaguje tento záznam!
Thư viện lưu trữ: Trung tâm Học liệu Trường Đại học Cần Thơ
LEADER 00627nam a2200205Ia 4500
001 CTU_59939
008 210402s9999 xx 000 0 und d
020 |c 5000 
082 |a 631.53 
082 |b M872 
100 |a Rosemary Morrow 
245 0 |a Hướng dẫn bảo quản giống cây trồng tại gia đình 
245 0 |c Rosemary Morrow; Nguyễn Thanh Tâm biên dịch 
260 |a HHà Nội 
260 |b Phụ nữ 
260 |c 2003 
650 |a plant breeding,plants 
650 |x collection and preservation 
904 |i Minh 
980 |a Trung tâm Học liệu Trường Đại học Cần Thơ